Statistics for Biggest Lakes by Letter

Click here to take the quiz!

General Stats

  • This quiz has been taken 36 times
  • The average score is 13 of 26

Answer Stats

LetterLakeCountryRank% Correct
BLake BaikalRussia7
100%
OLake OntarioCanada, United States13
97%
VLake VictoriaUganda, Kenya, Tanzania3
94%
CCaspian SeaKazakhstan, Russia, Turkmenistan, Azerbaijan, Iran1
91%
ELake ErieCanada, United States11
91%
HLake HuronCanada, United States4
91%
SLake SuperiorCanada, United States2
91%
NLake NicaraguaNicaragua20
88%
MLake MichiganUnited States5
82%
GGreat Bear LakeCanada8
79%
TLake TanganyikaBurundi, Tanzania, Zambia, D.R. Congo6
79%
WLake WinnipegCanada12
71%
LLake LadogaRussia14
56%
ALake AthabascaCanada21
38%
IIssyk-KulKyrgyzstan24
32%
PLake PeipusEstonia, Russia41
29%
QQinghai LakeChina34
29%
RReindeer LakeCanada23
24%
ULake UrmiaIran25
15%
DLake DubawntCanada39
9%
KLake KhankaRussia, China37
9%
XLake XingkaiRussia, China37
6%
FLake FromeAustralia?
3%
JJurumirin ReservoirBrazil?
0%
ZLake ZaysanKazakhstan?
0%
YYathkyed LakeCanada?
0%

Score Distribution

Percentile by Number Answered

Percent of People with Each Score

Your Score History

You have not taken this quiz